San martin; páginas escogidas sobre el héroe /

Guardado en:
Autor Principal: Estrella Gutiérrez, Fermín
Formato: Libro
Publicado: Buenos Aires : Kapelusz, 1950
Materias:
Etiquetas: Agregar Etiqueta
Sin Etiquetas, Sea el primero en etiquetar este registro!
LEADER 00509nam a22001695a 4500
001 CEM.cems002339
005 20060216000000.0
008 130507s1950##################000#0#####d
003 CEMS
082 0 4 |a 923 
100 1 |a Estrella Gutiérrez, Fermín 
245 1 0 |a San martin; páginas escogidas sobre el héroe /  |c Fermín Estrella Gutiérrez 
260 |a Buenos Aires :  |b Kapelusz,  |c 1950 
300 |a 373 p. 
653 |a Biografias 
653 |a San martin 
859 |a CEMS  |b BIB. CEMS - 11 de abril  |h 923  |i Sa53e  |p 9797.81  |t Ej.1